Statistics for Australian States and territories by Population

Click here to take the quiz!

General Stats

  • This quiz has been taken 13 times
  • The average score is 6 of 8

Answer Stats

PopulationState% Correct
4.691 millionQueensland
100%
6.359 millionVictoria
91%
2.589 millionWestern Australia
82%
1.677 millionSouth Australia
82%
515,000Tasmania
82%
212,000Northern Territory
82%
408,000ACT
45%
7.544 millionNSW
36%

Score Distribution

Percentile by Number Answered

Percent of People with Each Score

Your Score History

You have not taken this quiz